00788cam a22002057a 4500020001500000040000800015082002600023100001600049245003300065260003900098300003500137650002600172650002700198856006000225856006700285856005900352942000700411999001700418952014700435 a0764525867 cUKM04a006 JOH 2003 A003 Or.1 aLott, Joey.10aComplete Flash remoting MX / aIndianapolis :bJohn Wiley,c2003. axxii, 573 p. :bill. ;c24 cm. 0aWeb site development. 0aInteractive multimedia42uhttp://www.loc.gov/catdir/bios/wiley046/2002114846.html42uhttp://www.loc.gov/catdir/description/wiley039/2002114846.html41uhttp://www.loc.gov/catdir/toc/wiley031/2002114846.html cEK c16429d16429 0010406006_000000000000000_JOH_2003_A003_OR70970975aLBAbLBAcA003d2018-02-21o006 JOH 2003 A003 Or.pA20839r2018-02-21w2018-02-21yEK